| 000 | 00687nam a2200229 a 4500 | ||
|---|---|---|---|
| 001 | 42437 | ||
| 003 | BD-RjUL | ||
| 005 | 20211209053536.0 | ||
| 008 | 160612s19631962mau 001 0 eng | ||
| 035 | _a(BD-RjUL) 42555 | ||
| 035 | _a(OCoLC)587611 | ||
| 040 |
_aDLC _cOAU _dOCoLC _dOrOnT _dUk _dDLC _dBD-RjUL _beng |
||
| 041 | _aeng | ||
| 082 |
_223 _a330 _bGAE 1963 |
||
| 100 | 1 |
_aGalbraith, John Kenneth, _d1908-2006. _9130350 |
|
| 245 | 1 | 0 |
_aEconomic development in perspective / _cJohn Kenneth Galbraith |
| 260 |
_aCambridge : _bHarvard University Press, _c1962 |
||
| 300 |
_a76 p. ; _c21 cm. |
||
| 500 | _aIncludes index | ||
| 650 | 0 |
_aEconomic development. _9130533 |
|
| 942 |
_2ddc _cBK |
||
| 999 |
_c42437 _d42437 |
||